Khu công nghiệp Việt Nam.

Wedi'i Gadw mewn:
Manylion Llyfryddiaeth
Fformat: Cyfresol
Iaith:Vietnamese
Cyhoeddwyd: Hà Nội.
Pynciau:
Tagiau: Ychwanegu Tag
Dim Tagiau, Byddwch y cyntaf i dagio'r cofnod hwn!
Thư viện lưu trữ: Mạng thư viện Đại học Đà Nẵng
LEADER 00674cas a2200277 i 4500
001 000049600
003 9489
005 20050617082450.0
008 010324b vm 000 vie
040 |a IRC  |c IRC  |d IRC 
041 0 |a vie 
082 1 4 |a 600  |b Kh-C 
245 0 0 |a Khu công nghiệp Việt Nam. 
246 0 1 |a Vietnam industrial zone bulletin. 
260 |a Hà Nội. 
300 |c 29,5cm. 
630 0 4 |a Khu công nghiệp  |z Việt Nam  |v Tạp chí. 
OWN |a DUT 
999 |a From the UDN01 
TYP |a Printed language 
980 |a Mạng thư viện Đại học Đà Nẵng